Statistics for Laps led in f1 2023 grid

Click here to take the quiz!

General Stats

  • This quiz has been taken 28 times
    (11 since last reset)
  • The average score is 14 of 16

Answer Stats

HintAnswer% Correct
2322Verstappen
100%
1Albon
90%
728Bottas
90%
5447Hamilton
90%
43Hulkenberg
90%
629Leclerc
90%
35Norris
90%
355Perez
90%
164Russell
90%
89Sainz
90%
1773Alonso
80%
26Gasly
80%
66Ocon
80%
340Ricciardo
80%
5Tsunoda
80%
32Stroll
70%

Score Distribution

Percentile by Number Answered

Percent of People with Each Score

Your Score History

You have not taken this quiz since the last reset